000 00436cam a2200181ua 4500
020 _c2.50
041 _ahin
_h
082 _a891.54
_bGAN/KH
100 _aGandhiji, .
245 _aKhurakki kami aor khethi /
_cGandhiji.
_hTextual Documents
250 _a1 /
_b.
260 _aAhmadabad :
_bNavajivan publishing house ,
_c1956.
300 _a252 ; .
365 _a2.50
504 _a
942 _cBK
999 _c6387
_d6387